{"text_format":"3","workbook":"xlsx","n_sheets":1,"sheets":["Sheet1"],"read":"whole","date_system":"1900"}

{"sheet":"Sheet1","index":0,"n_rows":23,"n_cols":10,"rows_kept":23,"merged":[[0,0,0,9],[2,0,3,0],[2,1,3,1],[2,2,3,2],[2,3,3,3],[2,4,2,5],[2,6,2,7],[2,8,2,9],[22,7,22,9]]}
["亚酒门面电表立户安装预算清单"]
["工程名称：州国投经营性资产(原亚酒门面)电表立户施工工程        ",{"$nulls":6},"            2021年01月20 日","2021-02-01"]
["序号","名称","型号及规格","单位","数量",{"$nulls":3},"税费及其他费"]
[{"$nulls":4},"标准材料","实际材料","材料单价","金额","收费标准","金额"]
[1,"不锈钢计量箱","600*800","只",null,2,{"v":740,"d":"740.00"},{"v":1480,"d":"1480.00"},{"v":162.8,"d":"162.80"},{"v":325.6,"d":"325.60"}]
[2,"空开式漏电保护器","DZ47LE-60A/2P","只",null,1,{"v":65,"d":"65.00"},{"v":65,"d":"65.00"},{"v":14.3,"d":"14.30"},{"v":14.3,"d":"14.30"}]
[3,"漏电保护器","DZ15LE-100A/490","只",null,2,{"v":128,"d":"128.00"},{"v":256,"d":"256.00"},28.16,56.32]
[4,"漏电保护器","DZ20LE-400A/4300","只",null,1,{"v":782,"d":"782.00"},{"v":782,"d":"782.00"},172.04,172.04]
[5,"铜芯绝缘线","BVR-10","卷",null,4,{"v":815,"d":"815.00"},{"v":3260,"d":"3260.00"},{"v":179.3,"d":"179.30"},{"v":717.2,"d":"717.20"}]
[6,"弯头","￠50","个",null,10,{"v":4,"d":"4.00"},{"v":40,"d":"40.00"},0.88,{"v":8.8,"d":"8.80"}]
[7,"直接头","￠50","个",null,20,{"v":5,"d":"5.00"},{"v":100,"d":"100.00"},{"v":1.1,"d":"1.10"},{"v":22,"d":"22.00"}]
[8,"三通","￠50","个",null,5,{"v":5,"d":"5.00"},{"v":25,"d":"25.00"},{"v":1.1,"d":"1.10"},{"v":5.5,"d":"5.50"}]
[9,"卡子","￠50","个",null,20,{"v":2.5,"d":"2.50"},{"v":50,"d":"50.00"},0.55,{"v":11,"d":"11.00"}]
[10,"自攻螺丝","5×80","可",null,30,{"v":0.1,"d":"0.10"},{"v":3,"d":"3.00"},{"v":0.022,"d":"0.02"},0.66]
[11,"胶布",null,"卷",null,4,{"v":8,"d":"8.00"},{"v":32,"d":"32.00"},1.76,7.04]
[12,"异型并沟线夹","JBL—2—3","个",null,8,{"v":45,"d":"45.00"},{"v":360,"d":"360.00"},{"v":9.9,"d":"9.90"},{"v":79.2,"d":"79.20"}]
[13,"铜铝鼻子","DTL—50","个",null,12,{"v":15,"d":"15.00"},{"v":180,"d":"180.00"},{"v":3.3,"d":"3.30"},{"v":39.6,"d":"39.60"}]
[14,"四线分线盒","3×150A","只",null,1,{"v":450,"d":"450.00"},{"v":450,"d":"450.00"},{"v":99,"d":"99.00"},{"v":99,"d":"99.00"}]
[15,"电缆头","SY-1-4.3","付",null,4,{"v":63,"d":"63.00"},{"v":252,"d":"252.00"},13.86,55.44]
[16,"电缆线","YJLV-4*50","米",null,85,{"v":68,"d":"68.00"},{"v":5780,"d":"5780.00"},14.96,{"v":1271.6,"d":"1271.60"}]
[17,{"$nulls":6},{"v":13115,"d":"13115.00"},null,{"v":2885.3,"d":"2885.30"}]
[18]
["合  计",{"$nulls":6},{"v":16000.3,"d":"16000.30"}]